Živé vykopávky /

Korporativní autor: Blues Session (hudební skupina)
Jazyk: Čeština
Vydáno: Praha : Galén, [2019]
Témata:
Fyzický popis: 1 CD audio ; 12 cm
Zvukové nahrávky
Uloženo v:
LEADER 01983njm a2200529 i 4500
001 001724165
003 CZ BrMZK
005 20200227131519.0
007 sd fungnnmmned
008 200106p20192018xr munng d n cze
015 |a cnb003132088 
024 3 |a 8594042901439 
028 0 1 |a G 19 127 2  |b Galén 
040 |a BOA001  |b cze  |e rda 
041 0 |d cze  |e cze 
045 |a y1y1 
047 |a bl  |a pp  |a rc 
072 7 |a 78.011.26  |x Populární hudba. Populární písně. Populární taneční hudba  |2 Konspekt  |9 9 
080 |a 78.036.9.011.26  |2 MRF 
080 |a 78.036.011.26  |2 MRF 
080 |a 78.03.011.26  |2 MRF 
080 |a (086.76)  |2 MRF 
245 0 0 |a Živé vykopávky /  |c Blues Session 
264 1 |a Praha :  |b Galén,  |c [2019] 
264 4 |c ℗2019 
300 |a 1 CD audio ;  |c 12 cm 
336 |a hraná hudba  |b prm  |2 rdacontent 
337 |a audio  |b s  |2 rdamedia 
338 |a audiodisk  |b sd  |2 rdacarrier 
344 |a digital  |b optical  |2 rda 
347 |a audio soubor  |b CD audio  |2 rda 
500 |a Název z pouzdra 
500 |a Texty písní (22 stran) v pouzdře 
505 0 0 |t Břímě --  |t Bohové --  |t Nikdy nebudeš svůj --  |t Jen dál --  |t Malý velký muž --  |t Slova --  |t Chci tě znát --  |t Horský lázně --  |t Postavím si dům z obilí --  |t Honduras --  |t Všichni budou hotoví --  |t Na Portě --  |t Skladník --  |t Solnej sloup 
511 1 |a Blues Session 
518 |o Nahráno živě  |d 2018  |p Malostranská beseda, Praha, Loděnice a Sedlčany 
648 7 |a 2011-2020  |7 ch460589 
648 7 |a 2011-2020  |7 ch460589  |2 czenas 
650 0 7 |a blues  |7 ph118940  |2 czenas 
650 0 7 |a rock  |7 ph125174  |2 czenas 
650 0 7 |a populární hudba  |7 ph124352  |y 2011-2020  |2 czenas 
655 7 |a kompaktní disky  |7 fd201991  |2 czenas 
710 2 |a Blues Session (hudební skupina)  |7 mzk2008466812  |4 prf 
910 |a BOA001  |b CDR-1439.799 
990 |a AV 
991 |b 202002 
996 6 |b 2610812324  |c CDR-1439.799  |l MZK  |r Sklad / do 24 hodin  |n 0  |p p.v.  |w 001777111  |u 000010  |a 1  |e BOA001  |j MZK50  |s P